MDQL
is popping MORE tags! Check the
thread
!
Quizzes
Events
Quiz Creation
Community
Videos
Private Events
Remove Ads
Sign In
Join for FREE
Feedback
Dark Mode
Quiz Categories
Sports
Geography
Music
Movies
Television
Just For Fun
Miscellaneous
History
Literature
Language
Science
Gaming
Entertainment
Religion
Holiday
For Kids
Quiz Lab
Recent
Popular Today
Quiz Kudos Today
Editor Picks
Curator Picks
Quizzes by...
Day
Popularity
Type
Ratings
Length
Year
Community
Subscriptions
Recent Discussions
Orange Saloon
Badges
Playlists
Quests
Create
Leaderboards
Showdown
Live 5
Trivia Bingo
Activity
Puzzle Library
Sporcle Events
Private Events
Virtual Trivia
Globe League
Become a Host
Pub Owners
SporcleCon
Opinionation
Our Games
Videos
Blog
Mobile Apps
Partnerships
Remove Ads and Go Orange
Feedback
Sports
Athletes
MLB
NBA
NHL
NFL
Soccer
Sports Teams
WWE
NCAA
Football
Premier League
Basketball
Baseball
Hockey
Golf
Tennis
Cricket
Rugby
Auto Racing
Olympics
World Cup
Sports
Athletes
MLB
NBA
NHL
NFL
Soccer
Sports Teams
WWE
NCAA
Football
Premier League
Basketball
Baseball
Hockey
Golf
Tennis
Cricket
Rugby
Auto Racing
Olympics
World Cup
Random Quiz
Search Sporcle
×
Quiz Lab
Quiz Lab
Sports
NBA
Type in answers that appear in a list
Type in answers that appear in a list
Classic
Best Score? Go Orange.
NBA - Highest Career-High Per Team Stats
Can you name the players with the highest career-high on their team?
By
T3canolis
10m
30 Questions
115 Plays
115 Plays
115 Plays
Comments
Comments
Give Quiz Kudos
Give Quiz Kudos
-
- Ratings
hide this ad
More Info
Replay
Link that replays current quiz
Next Quiz
Link to next quiz in quiz playlist
You Got
0%
They Got
Avg Score
66%
Avg Friend Score
Upgrade to see
Score Distribution
Jump to the score distribution portion of the page
Score
0/30
Timer
10:00
0
Plays Today
Team
Player
% Correct
CLE
LeBron James
96.5%
WAS
John Wall
91.3%
GSW
Klay Thompson
88.7%
CHI
Dwyane Wade
87%
OKC
Russell Westbrook
87%
NYK
Carmelo Anthony
86.1%
NOP
Anthony Davis
85.2%
BOS
Isaiah Thomas
83.5%
HOU
James Harden
82.6%
IND
Paul George & Monta Ellis
80.9%
CHA
Kemba Walker
79.1%
SAS
Tony Parker
77.4%
SAC
Rudy Gay & Tyreke Evans
75.7%
ATL
Paul Millsap
73.9%
MIN
Andrew Wiggins & Karl-Anthony Towns
73.9%
Team
Player
% Correct
POR
Damian Lillard
69.6%
DAL
Deron Williams
68.7%
DET
Reggie Jackson
65.2%
MIA*
Goran Dragic
65.2%
LAL
Nick Young
62.6%
MEM
Vince Carter
62.6%
UTA
Joe Johnson
61.7%
TOR
Kyle Lowry & DeMar DeRozan
59.1%
LAC
Jamal Crawford
58.3%
DEN
Danilo Gallinari
51.3%
PHX
Devin Booker
39.1%
ORL
Terrence Ross
27.8%
MIL
Jason Terry
24.3%
PHI
Gerald Henderson
17.4%
BKN
Luis Scola
14.8%
Quiz Playlist
Details
Report
Send in Message
Add To Playlist
More Info:
*While Chris Bosh (44) is still under contract, I did not include him as he is not on the active roster.
Classic:
Type in answers that appear in a list
Last Updated: Apr 1, 2017
Quiz Scoreboard
CHALLENGE
Sign Up to Join the Scoreboard
Show All
Scores
Hide
Comments
May contain spoilers
Recently Published
Colored Red Africa Blitz
by spor1
Geography
30s
Find the 'City' Movie
by crazypaving
Movies
60s
5x2 Blitz: Bands
by SL_Kpop136
Music
30s
More to Explore
Quiz From the Vault
Featured Blog Post
14 Easter Pick-up Lines to Find Eggs With
hide this ad
You Might Also Like...
Tags
NBA Quiz
NBA Points
Today's Top Quizzes in Sports
Browse Sports
hide this ad
Today's Top Quizzes in NBA
Browse NBA
Top Contributed Quizzes in Sports
1
Les entraîneurs de l'OM et du PSG au 21e siècle
2
Les meilleurs buteurs des matchs entre le PSG et l’OM
3
Players with Multiple 50 Home Run Seasons
4
2022 World Cup Stars
5
Les joueurs passés par le PSG et l'OM
6
NBA Logic Puzzle 2.0
7
Criteria MLB: Left Handed Sluggers
8
MLB Players with Two .350 Batting Average Seasons
9
Top 10 NHL Goal Scorers of All Time
10
Who Hit More Homers?
Explore More
Trending Topics
Marvel
Disney
Crossword
Harry Potter
NBA
Kpop
Anime
Pokémon
Country
Puzzle
NFL
WWE
Soccer
Song
The Office
hide this ad
More By:
T3canolis
Quiz
Plays
Rating
Category
Featured
Created
Academy Award Acting Nominees (2010s)
3,193
4.67
Movies
Jan 14, 2015
Parks and Recreation Minor Characters (slideshow)
2,190
4.68
Television
Jan 14, 2015
NBA Player by Mugshot
2,095
3.69
Sports
Jun 5, 2015
Parks and Recreation Cast Photo
1,988
4.71
Television
Jan 23, 2015
NFL Player by Mugshot
1,791
5.00
Sports
Jun 5, 2015
Go to Creator's Profile
Score Distribution
Quiz Creator Spotlight
T3canolis
Follow
Send a Message
Quizzes Created
-
Created Quiz Play Count
-
More By This Creator
Popular Quizzes Today
1
Colored Red Africa Blitz
2
Find the 'City' Movie
3
5x2 Blitz: Bands
4
Find the US States - No Outlines Minefield
5
The Countries of the World
6
Find the US States
7
US States
8
Find the Countries of Europe - No Outlines Minefield
More Sports Quizzes
Real Madrid 2022/23 Opening Day Lineup
Quiz Lab
Trending Quizzes
Colored Red Europe Blitz I
Colored Red Africa Blitz II
Colored Red Europe Blitz II
Colored Red Africa Blitz III
Colored Red Europe Blitz III
Recently Updated
How Do You Spell That?
pecheneg
Godzilla Movies
pecheneg
Grab Bag: 4-10 Letters
pecheneg
2024 March Madness Bracket
pecheneg
Famous TV Couples
Peacemaker
Champions League XIs: Real Madrid
pecheneg
Largest US Cities 1790-2010
pecheneg
Rides in Walt Disney World
pecheneg
Most Oscar Losses (Acting)
pecheneg
Beyoncé Albums
pecheneg
Trending Topics
Anime
Marvel
NBA
Crossword
Kpop
Harry Potter
Disney
Puzzle
Song
The Office
NFL
Pokémon
Soccer
WWE
Country
Your Account Isn't Verified!
In order to create a playlist on Sporcle, you need to verify the email address you used during registration. Go to your
Sporcle Settings
to finish the process.
Report this User
Report this user for behavior that violates our
Community Guidelines
.
Details:
Send Report
Go to the Sporcle.com Mobile Site →
Comments